| 000 | 00716nam a22001577a 4500 | ||
|---|---|---|---|
| 005 | 20260512123118.0 | ||
| 008 | 260512b |||||||| |||| 00| 0 eng d | ||
| 050 |
_aTHE HF 5686 .F85 K4 M67 2025 _bC.1 |
||
| 100 | _aMosoti, Jared Mobisa | ||
| 245 | _aForensic Accounting Techniques, Firm Size and Financial Performance of Microfinance Institutions in Nairobi, Kenya | ||
| 260 |
_aKisii _bKisii University _c2025 |
||
| 300 | _axxii, 270p.:ill. | ||
| 500 | _aIncludes bibliographical references | ||
| 650 | _aForensic accounting - Kenya - Microfinance institutions. 2. Microfinanace institutions- Kenya - Nairobi County - Management. 3. Financial performance - Kenya - Microfinance institutions. | ||
| 942 |
_2lcc _cREF |
||
| 999 |
_c217116 _d217116 |
||